000 00289nam a22001097a 4500
005 20251009113918.0
008 251009b |||||||| |||| 00| 0 eng d
040 _cPK-LaNCA
082 _a720
_bMAT
245 _aA material life: adventures & discoveries in materials research
942 _cBK
999 _c66941
_d66941